| Tag |
First Indicator |
Second Indicator |
Subfields |
| LEADER |
00000ccm a22000001a 4500 |
| 001 |
in00002462425 |
| 005 |
20151110123818.0 |
| 008 |
890630s1978 enkmoa z n lat |
| 010 |
|
|
|a 82771458
|
| 029 |
1 |
|
|a NZ1
|b 3558948
|
| 029 |
1 |
|
|a AU@
|b 000006600167
|
| 029 |
1 |
|
|a NZ1
|b 12314708
|
| 035 |
|
|
|a (OCoLC)ocm19711404
|
| 035 |
|
|
|a (OCoLC)19711404
|
| 040 |
|
|
|a DLC
|c DLC
|d OCLCG
|d TXA
|d UtOrBLW
|
| 041 |
1 |
|
|a lat
|e eng
|h lat
|
| 048 |
|
|
|a va01
|a vc01
|a vd01
|a vf01
|
| 048 |
|
|
|a ca04
|
| 049 |
|
|
|a TXAM
|
| 050 |
0 |
0 |
|a M2098.A6
|b H
|
| 090 |
|
|
|a M2098.H36
|b A73 1978
|
| 100 |
1 |
|
|a Handl, Jacob,
|d 1550-1591.
|
| 240 |
1 |
0 |
|a Musicum opus.
|n 2. tomus.
|p Ascendens Christus
|
| 245 |
1 |
0 |
|a Ascendens Christus :
|b motet for the Ascension of our Lord for 4 voices /
|c Jakob Handl ; transcribed and edited by Martyn Imrie.
|
| 264 |
|
1 |
|a [London] :
|b Mapa Mundi,
|c [1978]
|
| 264 |
|
4 |
|c ©1978
|
| 300 |
|
|
|a 1 score (3 pages) ;
|c 30 cm.
|
| 336 |
|
|
|a notated music
|b ntm
|2 rdacontent
|
| 337 |
|
|
|a unmediated
|b n
|2 rdamedia
|
| 338 |
|
|
|a volume
|b nc
|2 rdacarrier
|
| 490 |
1 |
|
|a Mapa Mundi. Series D, German/Slav church music ;
|v no. 3
|
| 500 |
|
|
|a For SATB.
|
| 500 |
|
|
|a Latin words; English translation: page 2.
|
| 500 |
|
|
|a "Source: Secundus tomus Musici operis. Prague, 1587"--P. 2.
|
| 650 |
|
0 |
|a Motets.
|
| 650 |
|
0 |
|a Ascension Day music.
|
| 700 |
1 |
|
|a Imrie, Martyn.
|
| 830 |
|
0 |
|a Mapa Mundi (Series).
|n Series D,
|p German/Slav church music ;
|v no. 3.
|
| 948 |
|
|
|a cataloged
|b h
|c 2009/6/10
|d c
|e bhartsfi
|f 1:52:41 pm
|
| 994 |
|
|
|a C0
|b TXA
|
| 999 |
|
|
|a MARS
|
| 999 |
f |
f |
|s e156a45c-6e55-3fcf-8309-b0b3d8d703c1
|i 8c7c304e-83a7-3ed4-8c29-0494821fa9a7
|t 0
|
| 952 |
f |
f |
|p ric
|a Texas A&M University
|b Rellis Campus
|c Joint Library Facility
|d Remote Storage
|t 0
|e M2098.H36 A73 1978
|h Library of Congress classification
|i unmediated -- volume
|m A14832559189
|
| 998 |
f |
f |
|a M2098.H36 A73 1978
|t 0
|l Remote Storage
|